Catálogo
 En Linea

Segundo informe cuatrimestral 1991 : (Registro nro. 45071)

Detalles MARC
000 -CABECERA
campo de control de longitud fija 01190nam a2200229 a 4500
001 - NÚMERO DE CONTROL
campo de control 000045582
003 - IDENTIFICADOR DEL NÚMERO DE CONTROL
campo de control DO-SdBNP
005 - FECHA Y HORA DE LA ÚLTIMA TRANSACCIÓN
campo de control 20250306142046.0
008 - DATOS DE LONGITUD FIJA--INFORMACIÓN GENERAL
campo de control de longitud fija 150415s1991 dr 000 0 spa d
040 ## - FUENTE DE LA CATALOGACIÓN
Centro catalogador/agencia de origen DO-SdBNP
Lengua de catalogación spa
Centro/agencia transcriptor BNPHU
082 ## - NÚMERO DE LA CLASIFICACIÓN DECIMAL DEWEY
Número de clasificación xxxx
Número de documento/Ítem xxxx
110 1# - ENTRADA PRINCIPAL--NOMBRE DE ENTIDAD CORPORATIVA
Nombre de entidad corporativa o nombre de jurisdicción como elemento de entrada Universidad Autónoma de Santo Domingo
Unidad subordinada Facultad de Ciencias Económicas y Sociales
9 (RLIN) 72951
245 10 - MENCIÓN DE TÍTULO
Título Segundo informe cuatrimestral 1991 :
Resto del título análisis coyuntural de la economía dominicana, periodo mayo-agosto de 1991 /
Mención de responsabilidad, etc. presentacion ; Edylberto Cabral Ramírez.
260 ## - PUBLICACIÓN, DISTRIBUCIÓN, ETC.
Lugar de publicación, distribución, etc. Santo Domingo :
Nombre del editor, distribuidor, etc. Universitaria-UASD,
Fecha de publicación, distribución, etc. 1991.
300 ## - DESCRIPCIÓN FÍSICA
Extensión 40 p. ;
Dimensiones 21 cm.
500 ## - NOTA GENERAL
Nota general Perteneció a la biblioteca personal de Erick Landestoy.
500 ## - NOTA GENERAL
Nota general Incluye referencias bibliográficas y notas al pie de las páginas.
505 0# - NOTA DE CONTENIDO CON FORMATO
Nota de contenido con formato Análisis coyuntural de la economía dominicana --
Título Política del sector privado --
-- Comportamiento de las finanzas públicas --
-- Sector externo --
-- Sector agropecuario --
-- Los ajustes y sus efectos en el sector agropecuario --
-- Situación enérgetica.
700 12 - PUNTO DE ACCESO ADICIONAL--NOMBRE DE PERSONA
Nombre de persona Cabral Ramírez, Edylberto,
Término indicativo de función/relación pres.
9 (RLIN) 19529
710 12 - PUNTO DE ACCESO ADICIONAL--NOMBRE DE ENTIDAD CORPORATIVA
Nombre de entidad corporativa o nombre de jurisdicción como elemento de entrada Universidad Autónoma de Santo Domingo
9 (RLIN) 72951
942 ## - ELEMENTOS DE PUNTO DE ACCESO ADICIONAL (KOHA)
Fuente del sistema de clasificación o colocación Dewey Decimal Classification
Tipo de ítem Koha Folleto
Existencias
Estado de retiro Estado de pérdida No para préstamo Código de colección Localización permanente Ubicación/localización actual Ubicación en estantería Fecha de adquisición Número de inventario Total de préstamos Signatura topográfica completa Código de barras Fecha visto por última vez Precio válido a partir de Tipo de ítem Koha Nota pública
    Excluido de préstamo Patrimonio Dominicano Patrimonio Dominicano Patrimonio Dominicano En catalogación 15.04.2015 LF1   xxxx xxxx 45582-10 25.06.2020 25.06.2020 Libro y Folleto Colección Patrimonio Dominicano Perteneció a la biblioteca personal de Erick Landestoy.

Con tecnología Koha